Význam inovácií v kontexte ekonomického rastu

Kľúčové determinanty ovplyvňujúce tempo ekonomického rastu. Globálne trhy a rastúce nároky spotrebiteľov. Nárast konkurencie a vyššia miera technologického pokroku. Definícia štyroch typov inovácií. Rozdelenie Európskych krajín do skupín podľa jednotlivých úrovní výkonnosti.

Na minha lista:
Detalhes bibliográficos
Autor principal: Fodor, Tomáš
Formato: Capítulo de Livro
Idioma:eslovaco
Assuntos:
Tags: Adicionar Tag
Sem tags, seja o primeiro a adicionar uma tag!

MARC

LEADER 00000nla$a2200000$$$4500
001 0127687
005 20240111122850.2
041 0 |a slo 
044 |a SK 
245 1 0 |a Význam inovácií v kontexte ekonomického rastu  |c Tomáš Fodor 
520 |a Kľúčové determinanty ovplyvňujúce tempo ekonomického rastu. Globálne trhy a rastúce nároky spotrebiteľov. Nárast konkurencie a vyššia miera technologického pokroku. Definícia štyroch typov inovácií. Rozdelenie Európskych krajín do skupín podľa jednotlivých úrovní výkonnosti. 
610 2 0 |a Európska únia 
610 2 0 |a Slovensko 
610 2 0 |a rozvoj hospodársky 
610 2 0 |a výkonnosť ekonomiky 
610 2 0 |a stratégia inovačná 
610 2 0 |a inovácia 
610 2 0 |a centrá inovačné 
610 2 0 |a výskum 
610 2 0 |a vývoj 
610 2 0 |a efektívnosť inovácií 
610 2 0 |a spolupráca medzinárodná 
100 1 |a Fodor, Tomáš